| 000 | 00942nam a2200277 a 4500 | ||
|---|---|---|---|
| 001 | 33364 | ||
| 003 | BD-RjUL | ||
| 005 | 20211209052008.0 | ||
| 008 | 140507s1983 bg b 001 0 eng d | ||
| 035 | _a(BD-RjUL)33455 | ||
| 040 |
_aDLC _cDLC _dDLC _dBD-RjUL _beng |
||
| 041 | _aeng | ||
| 082 | 0 | 0 |
_a320.80954922 _219 _bAHB 1983 |
| 100 | 2 |
_aSharfuddin Ahmed, A. B. _9101272 |
|
| 245 | 0 | 0 |
_aBizna : _ba study of power-structure in contemporary rural Bangladesh / _cA.B. Sharfuddin Ahmed. |
| 260 |
_aDhaka, Bangladesh : _bBangladesh Books International, _c1983. |
||
| 300 |
_ax, 224 p. ; _c23 cm. |
||
| 500 | _aRevision of the author's thesis (Ph. D.--University of Bombay, 1979) | ||
| 500 | _aIncludes index. | ||
| 504 | _aBibliography: p. [203]-214. and Index | ||
| 650 | 0 |
_aVillages _zBangladesh _zComilla. _9101273 |
|
| 650 | 0 |
_aCommunity power. _916825 |
|
| 942 |
_2ddc _cBK |
||
| 999 |
_c33364 _d33364 |
||